000 00738nam a22002177a 4500
003 OSt
005 20251103060303.0
008 251103b |||||||| |||| 00| 0 eng d
020 _a978-30-097-9
040 _aDWCL-Main lib
_cOC
082 _27th edition
_aCirc. 693.54 A496s 1997
100 _aAmbrose, James E.
245 _aSimplified design of concrete structure/
_cJames E. Ambrose
250 _a7th edition
260 _aCanada:
_bJohn Wiley & Sons Inc.,
_cc1997.
300 _axiii, 351 pages :
_b illustrations ;
_c26cm.
504 _aIncludes bibliographical references and index.
650 _a1. Reinforced concrete- construction
650 _a2. Structural design
942 _2ddc
_cBK-CIRC
_e7th edition
_kCirc.
_n0
999 _c5409
_d5409